000
00315nam a22001337a 4500
999
_c
12072
_d
12072
020
_a
9789699466533
082
_a
818.409
100
_a
Dr.Ayesha Malik MD
245
_a
Wonderland of life an autobiography
260
_a
Karachi
_b
Rub Publisher
_c
2019
300
_a
200
650
_a
English Fiction
942
_c
BK